000
00302nam a2200133Ia 4500
005
20251222144730.0
008
251222s9999||||xx |||||||||||||| ||spa||
082
_a
330.015.195/B33
100
_a
Beach, E. F.
245
0
_a
Modelos Económicos
250
_a
2a.ed.
264
_b
Aguilar
942
_c
LIB
999
_c
18543
_d
18543